000 00490nam a2200169 i 4500
001 34991
003 ES-MaACL
005 20250612063102.0
007 t|
008 030211s1943 sp ||||1| spa d
100 1 _aBorrás, Tomás,
_d1891-1976
_930556
245 1 0 _aCuentos con cielo /
_cTomás Borrás.
260 _aMadrid :
_bM. Aguilar,
_c1943 (
_fImpresiones Gráfs. España)
300 _a195 p. ;
_c19 cm.
852 _aES-MaACL
_jF-266
_bR.20195
999 _c34991
_d34991